00374nam a2200181Ia 4500003000900000008004100009040001300050040001300063041000800076100001200084245003500096250001100131260001200142260000900154300001100163300001200174490000600186IT-RoPAU120407s9999 xx 000 0 und d aIT-RoPAU cIT-RoPAU aita aDussane aCas de conscience du comédie aParis  aFleurus c1960 a107 p. c18,5 cm v1